00817nam a2200217Ia 4500003000400000005001700004008004100021020001500062040001800077041000800095082002100103100003300124245011600157250001200273260005600285300002400341700003700365942003400402999001900436952014400455OSt20250110155816.0210716s1984 xx 000 0 und d a0030718562 cAIMIT LIBRARY aeng a808.83 21bLEWA aLewis, Alfred Allan.9193051 aEvidence never lies:bcasebook of a modern sherlock holmes /cBy Alfred Allan Lewis and Herbert Leon MacDonell. a1st ed. aNew York :bHolt, Rinehart and winston Inc ;c1984. a258p. ;bPBc21 cm. aMacDonell, Herbert Leon.9193052 2ddccBKe1st ed.k808.83 LEWA c200169d200169 00102ddc40708MBAaAIMITbAIMITd2021-07-16iBill no:; Bill dt:1900-01-00l0o808.83 LEWApMBA02734r2026-05-23 00:00:00w2021-07-16yBK